Versekering : als wat jy wil weet (Record no. 405463)

MARC details
000 -LEADER
fixed length control field 00286nam a2200097Ia 4500
082 ## - DEWEY DECIMAL CLASSIFICATION NUMBER
Classification number 368.3 VANG
008 - FIXED-LENGTH DATA ELEMENTS--GENERAL INFORMATION
fixed length control field 210817s9999 xx 000 0 und d
100 ## - MAIN ENTRY--PERSONAL NAME
Personal name VAN GIJSEN, Nico Cape Town, 2003 1ste uitg
9 (RLIN) 96486
245 #0 - TITLE STATEMENT
Title Versekering : als wat jy wil weet
942 ## - ADDED ENTRY ELEMENTS
item type Books

No items available.